000 00765nam a2200229 4500
003 OSt
005 20240626070002.0
006 a
008 240626b |||||||| |||| 00| 0 eng d
020 _a9789712725463
040 _aDWCL-Main lib.
_cOC
082 _aFil. 322.44 G562 2011
245 _aGlobal civil society movements in the Philippines /
260 _aMandaluyong City :
_bAnvil Pub. Inc.,
_cc2011.
300 _axx,
_b302 p. ;
_c23 cm.
504 _aIncludes bibliographical references and index.
650 _a1. Social movements-Political aspects-Philippines.
650 _a2. Civil Society-Philippines.
650 _a3. Philippines-Politics and government-1986.
700 _aTeresa S. Encarnacion Tadem
942 _2ddc
_n0
_cBK - FIL
_kFil.
999 _c1406
_d1406